MARC

LEADER 00000nam0a2200000 4500
001 60800
005 20231226112521.0
035 |a (RuTPU)RU\TPU\book\64288 
090 |a 60800 
100 |a 20040220d2003 m y0rusy50 ca 
101 0 |a rus 
102 |a RU 
105 |a a j 001zy 
200 1 |a Динамика электроприводов летательных аппаратов  |e учебное пособие  |f Л. К. Бурулько, А. В. Глазачев  |g Томский политехнический университет 
210 |a Томск  |c Изд-во ТПУ  |d 2003 
215 |a 126 с.  |c ил. 
225 1 |a Учебники Томского политехнического университета 
320 |a Библиогр.: с. 124-126 
452 1 |0 (RuTPU)RU\TPU\book\123974  |t Динамика электроприводов летательных аппаратов  |f Л. К. Бурулько, А. В. Глазачев  |g Томский политехнический университет  |c Томск  |n Изд-во ТПУ  |d 2003  |s Учебники Томского политехнического университета  |a Бурулько, Лев Кириллович 
610 1 |a летательные аппараты 
610 1 |a электроприводы 
610 1 |a режимы 
610 1 |a процессы 
610 1 |a математическое описание 
610 1 |a переходные процессы 
610 1 |a анализ 
610 1 |a расчеты 
610 1 |a аналитические методы 
610 1 |a частотно-регулируемые асинхронные электрорприводы 
610 1 |a учебные пособия 
675 |a 629.73.064.5(075.8)  |v 3 
700 1 |a Бурулько  |b Л. К.  |c специалист в области электротехники  |c доцент Томского политехнического университета, кандидат технических наук  |f 1941-  |g Лев Кириллович  |3 (RuTPU)RU\TPU\pers\26523 
701 1 |a Глазачев  |b А. В.  |c специалист в области электроники  |c доцент Томского политехнического университета, кандидат технических наук  |f 1974-  |g Александр Владимирович  |3 (RuTPU)RU\TPU\pers\26444  |9 12147 
712 0 2 |a Томский политехнический университет  |3 (RuTPU)RU\TPU\col\376 
801 1 |a RU  |b 63413507  |c 20040220  |g PSBO 
801 2 |a RU  |b 63413507  |c 20210226  |g PSBO 
942 |c BK